Boroughs of New York City Map Quiz - Statistics

General Stats
  • This quiz has been taken 804 times
  • The average score is 4 of 5
Answers on the Map
Answers color-coded by a green-red scale on the quiz's map according to % correct below.
 
Answer Stats
Answer % Correct
Staten Island
90%
Manhattan
89%
Queens
83%
Brooklyn
76%
The Bronx
75%
No matching quizzes found
Score Distribution
Percent of People with Each Score
Percentile by Number Answered
Your Score History
You have not taken this quiz